A sermon preach'd at the funeral of The Right Honourable the Lady Guilford, Nov. 18, 1699 /

Bibliographic Details
Main Author: Knight, John, 1651-1712
Format: eBook
Language:English
Published: London : Printed for George Thorp ..., 1700.
Series:Early English books online.
Subjects:
Online Access:Connect to the full text of this electronic book

MARC

Tag First Indicator Second Indicator Subfields
LEADER 00000nam a2200000Ia 4500
001 in00004297253
005 20200810082523.0
006 m g d
007 cr bn |||a|bb|
008 860414s1700 enk o 00| | eng d
035 |a (OCoLC)13429138 
040 |a EAA  |c EAA  |d m/c  |d WaOLN 
037 |a CL0037000013  |b ProQuest Information and Learning. 300 N. Zeeb Rd., Ann Arbor, MI 48106 
049 |a UMIA 
100 1 |a Knight, John,  |d 1651-1712. 
245 1 2 |a A sermon preach'd at the funeral of The Right Honourable the Lady Guilford, Nov. 18, 1699 /  |c by John Knight ... 
260 |a London :  |b Printed for George Thorp ...,  |c 1700. 
300 |a 1 online resource ([2], 36 pages) 
336 |a text  |b txt  |2 rdacontent 
337 |a computer  |b c  |2 rdamedia 
338 |a online resource  |b cr  |2 rdacarrier 
500 |a Reproduction of original in Huntington Library. 
510 4 |a Wing  |c K689 
533 |a Electronic reproduction.  |b Ann Arbor, Mich. :  |c UMI,  |d 1999-  |f (Early English books online)  |n Digital version of: (Early English books, 1641-1700 ; 461:2)  |7 s1999 miun s 
600 1 0 |a Guilford, Elizabeth Greville North,  |c Baroness,  |d 1669-1699. 
830 0 |a Early English books online. 
856 4 0 |u http://proxy.library.tamu.edu/login?url=https://search.proquest.com/docview/2240849469  |z Connect to the full text of this electronic book  |t 0 
999 f f |s cc309ad0-1c2b-3128-9ae3-a82a43341fcf  |i f19f097f-3ef4-31c0-ac67-26c385cee009  |t 0 
952 f f |a Texas A&M University  |b College Station  |c Electronic Resources  |d Available Online  |t 0  |h No information provided 
998 f f |t 0  |l Available Online